MDQL
is popping MORE tags! Check the
thread
!
Quizzes
Events
Quiz Creation
Community
Videos
Private Events
Remove Ads
Sign In
Join for FREE
Feedback
Dark Mode
Quiz Categories
Sports
Geography
Music
Movies
Television
Just For Fun
Miscellaneous
History
Literature
Language
Science
Gaming
Entertainment
Religion
Holiday
For Kids
Quiz Lab
Recent
Popular Today
Quiz Kudos Today
Editor Picks
Curator Picks
Quizzes by...
Day
Popularity
Type
Ratings
Length
Year
Community
Subscriptions
Recent Discussions
Orange Saloon
Badges
Playlists
Quests
Create
Leaderboards
Showdown
Live 5
Trivia Bingo
Activity
Puzzle Library
Sporcle Events
Private Events
Virtual Trivia
Globe League
Become a Host
Pub Owners
SporcleCon
Opinionation
Our Games
Videos
Blog
Mobile Apps
Partnerships
Remove Ads and Go Orange
Feedback
Sports
Athletes
MLB
NBA
NHL
NFL
Soccer
Sports Teams
WWE
NCAA
Football
Premier League
Basketball
Baseball
Hockey
Golf
Tennis
Cricket
Rugby
Auto Racing
Olympics
World Cup
Sports
Athletes
MLB
NBA
NHL
NFL
Soccer
Sports Teams
WWE
NCAA
Football
Premier League
Basketball
Baseball
Hockey
Golf
Tennis
Cricket
Rugby
Auto Racing
Olympics
World Cup
Random Quiz
Search Sporcle
×
Quiz Lab
Quiz Lab
Sports
MLB
Type in answers that appear in a list
Type in answers that appear in a list
Classic
Best Score? Go Orange.
MLB 2011 Saves Stats
Can you name the MLB 2011 Saves?
By
p8nt_boy
9m
87 Questions
86 Plays
86 Plays
86 Plays
Comments
Comments
Give Quiz Kudos
Give Quiz Kudos
-
- Ratings
hide this ad
Replay
Link that replays current quiz
Next Quiz
Link to next quiz in quiz playlist
You Got
0%
They Got
Avg Score
36%
Avg Friend Score
Upgrade to see
Score Distribution
Jump to the score distribution portion of the page
Score
0/87
Timer
09:00
0
Plays Today
Team
Reliever
% Correct
New York Yankees
Mariano Rivera
100%
San Francisco Giants
Brian Wilson
98.8%
New York Mets
Francisco Rodriguez
97.7%
Colorado Rockies
Huston Street
91.9%
Boston Red Sox
Jonathan Papelbon
84.9%
Kansas City Royals
Joakim Soria
82.6%
San Diego Padres
Heath Bell
81.4%
Texas Rangers
Neftali Feliz
81.4%
Detroit Tigers
Jose Valverde
80.2%
Minnesota Twins
Joe Nathan
80.2%
Florida Marlins
Leo Nunez
76.7%
Philadelphia Phillies
Ryan Madson
76.7%
Cincinnati Reds
Francisco Cordero
73.3%
Atlanta Braves
Craig Kimbrel
72.1%
Los Angeles Dodgers
Jonathan Broxton
72.1%
Minnesota Twins
Matt Capps
72.1%
Chicago Cubs
Carlos Marmol
70.9%
Oakland Athletics
Brian Fuentes
69.8%
Milwaukee Brewers
John Axford
68.6%
Cleveland Indians
Chris Perez
66.3%
St. Louis Cardinals
Ryan Franklin
66.3%
New York Yankees
Rafael Soriano
66.3%
Tampa Bay Rays
Kyle Farnsworth
64%
Philadelphia Phillies
Jose Contreras
64%
Pittsburgh Pirates
Joel Hanrahan
60.5%
Seattle Mariners
Brandon League
59.3%
Arizona Diamondbacks
J.J. Putz
59.3%
Washington Nationals
Drew Storen
58.1%
Baltimore Orioles
Kevin Gregg
54.7%
Team
Reliever
% Correct
Los Angeles Angels
Fernando Rodney
52.3%
Toronto Blue Jays
Jon Rauch
51.2%
Chicago White Sox
Matt Thornton
48.8%
Toronto Blue Jays
Frank Francisco
46.5%
Houston Astros
Brandon Lyon
46.5%
Los Angeles Angels
Jordan Walden
45.3%
Chicago White Sox
Sergio Santos
45.3%
Atlanta Braves
Jonny Venters
36%
Chicago White Sox
Chris Sale
32.6%
Los Angeles Dodgers
Vicente Padilla
31.4%
Texas Rangers
Arthur Rhodes
30.2%
Washington Nationals
Sean Burnett
29.1%
Texas Rangers
Darren Oliver
29.1%
Oakland Athletics
Grant Balfour
27.9%
St. Louis Cardinals
Fernando Salas
25.6%
St. Louis Cardinals
Eduardo Sanchez
25.6%
San Francisco Giants
Ramon Ramirez
24.4%
Colorado Rockies
Matt Lindstrom
23.3%
San Diego Padres
Mike Adams
20.9%
Houston Astros
Mark Melcancon
19.8%
Chicago Cubs
Sean Marshall
18.6%
St. Louis Cardinals
Mitchell Boggs
17.4%
Philadelphia Phillies
Antonio Bastardo
17.4%
Los Angeles Dodgers
Kenley Jansen
16.3%
Los Angeles Dodgers
Matt Guerrier
15.1%
San Francisco Giants
Javier Lopez
15.1%
St. Louis Cardinals
Trever Miller
15.1%
Toronto Blue Jays
Octavio Dotel
15.1%
Oakland Athletics
Brad Ziegler
14%
Team
Reliever
% Correct
Boston Red Sox
Daniel Bard
14%
Kansas City Royals
Jeremy Jeffress
10.5%
Arizona Diamondbacks
David Hernandez
10.5%
Oakland Athletics
Andrew Bailey
10.5%
Cincinnati Reds
Nick Masset
9.3%
Boston Red Sox
Scott Atchison
9.3%
Detroit Tigers
Joaquin Benoit
8.1%
Los Angeles Dodgers
Javy Guerra
8.1%
Arizona Diamondbacks
Joe Paterson
7%
Milwaukee Brewers
Kameron Loe
7%
Pittsburgh Pirates
Blaine Boyer
5.8%
Texas Rangers
Mark Lowe
5.8%
San Francisco Giants
Jeremy Affeldt
5.8%
Boston Red Sox
Alfredo Aceves
5.8%
Kansas City Royals
Louis Coleman
4.7%
Texas Rangers
Yoshinori Tateyama
4.7%
Los Angeles Dodgers
Mike MacDougal
3.5%
Toronto Blue Jays
Casey Janssen
3.5%
Atlanta Braves
Scott Linebrink
3.5%
Tampa Bay Rays
J.P. Howell
3.5%
Florida Marlins
Burke Badenhop
2.3%
Florida Marlins
Steve Cishek
2.3%
Chicago White Sox
Jesse Crain
2.3%
San Francisco Giants
Guillermo Mota
2.3%
Los Angeles Dodgers
Scott Elbert
1.2%
Pittsburgh Pirates
Jose Veras
1.2%
Cleveland Indians
Vinnie Pestano
1.2%
Minnesota Twins
Phil Dumatrait
0%
Los Angeles Angels
Michael Kohn
0%
Quiz Playlist
Details
Report
Send in Message
Add To Playlist
Classic:
Type in answers that appear in a list
Last Updated: Feb 16, 2017
Quiz Scoreboard
CHALLENGE
Sign Up to Join the Scoreboard
Show All
Scores
Hide
Comments
May contain spoilers
Recently Published
1-10 Letter E Words III
by El_Dandy
Language
2m
Street Fighter Characters
by Artimus82
Gaming
60s
College Basketball Coaching Resumes
by pancakes188
Sports
9m
More to Explore
Quiz From the Vault
Featured Blog Post
Where Did the Easter Bunny Come From?
hide this ad
You Might Also Like...
Tags
Baseball Quiz
MLB Quiz
2011
Reliever
Save
team
Today's Top Quizzes in Sports
Browse Sports
hide this ad
Today's Top Quizzes in MLB
Browse MLB
Top Contributed Quizzes in Sports
1
2022 World Cup Stars
2
Les meilleurs buteurs des matchs entre le PSG et l’OM
3
FIFA Club World Cup Champions
4
Les entraîneurs de l'OM et du PSG au 21e siècle
5
Criteria MLB: Left Handed Sluggers
6
2023 MLB Unique Player Accomplishments
7
AFC Teams Reveal (Wrong Answers Minefield)
8
Players with Multiple 50 Home Run Seasons
9
5-to-1: FBS Animal Nicknames
10
5-to-1: UK Sports Teams
Explore More
Trending Topics
Crossword
Disney
NBA
Marvel
Kpop
Anime
Harry Potter
Country
Pokémon
NFL
Puzzle
WWE
The Office
Song
Soccer
hide this ad
More By:
p8nt_boy
Quiz
Plays
Rating
Category
Featured
Created
MLB 2012 Have they started?
332
1.00
Sports
May 6, 2012
MLB 2011 Saves
86
5.00
Sports
May 19, 2011
Starting Pitchers 2011
65
Sports
May 15, 2011
MLB 2011 100+ Strikeouts
62
Sports
Jul 9, 2011
2011 Relievers with 30+ appearances
61
5.00
Sports
Jun 20, 2011
Go to Creator's Profile
Score Distribution
Quiz Creator Spotlight
p8nt_boy
Follow
Send a Message
Quizzes Created
-
Created Quiz Play Count
-
More By This Creator
Popular Quizzes Today
1
Find the US States - No Outlines Minefield
2
Find the Countries of Europe - No Outlines Minefield
3
The Countries of the World
4
Find the US States
5
Risky Map Clicking: Biggest States A-Z
6
US States
7
Popular People in 1961
8
Movies - When Are They Set?
More Sports Quizzes
MLB Most 40+ Home Run Seasons
Curator's Pick
Trending Quizzes
Risky Map Clicking: Least Populous States A-Z
Billboard Blitz: Aretha Franklin
Famous Russians: Author or Composer?
Countries of the World: 200 Million BC
1-10 Letter G Words
Recently Updated
Leaping Animals
pecheneg
Reality TV Shows (A-Z)
bhenderson79
Rickey Henderson's Hall of Fame Teammates
pecheneg
Champions League XIs: Arsenal
pecheneg
Quick Pick: Celebrities in WWE's Hall of Fame
aduchscher
A-Z Keypad Blitz II
pecheneg
Multiple Oscar Actors
pecheneg
Mystery Phrase Blitz: Oscar 'Best Actors'
pecheneg
F. Scott Fitzgerald Novels
LTH
Pick 3 Villains
ddd62291
Trending Topics
Harry Potter
NBA
Kpop
Marvel
Crossword
Disney
Anime
NFL
WWE
Song
The Office
Soccer
Puzzle
Country
Pokémon
Your Account Isn't Verified!
In order to create a playlist on Sporcle, you need to verify the email address you used during registration. Go to your
Sporcle Settings
to finish the process.
Report this User
Report this user for behavior that violates our
Community Guidelines
.
Details:
Send Report
Go to the Sporcle.com Mobile Site →
Comments